| 000 | 00468nam a2200169Ia 4500 | ||
|---|---|---|---|
| 003 | OSt | ||
| 005 | 20250512115151.0 | ||
| 008 | 190216s9999||||xx |||||||||||||| ||und|| | ||
| 040 | _coclc | ||
| 082 |
_a492.7 _bMOH/F |
||
| 100 |
_aMohyideen, K V Veeran _94586 |
||
| 245 | 0 |
_aFunctional Arabic / _cK V Veeran Mohyideen |
|
| 260 |
_bArab Net, _c2013. _aCalicut: |
||
| 300 | _a135p | ||
| 650 | _aArabic | ||
| 942 |
_cBK _2ddc _h492.7 _iMOH/F _k492.7 _mMOH/F |
||
| 999 |
_c884 _d884 |
||